AU LIBRARIES
Centralized Library System Across Seven Campuses

Principles Of Macroeconomics (Record no. 47329)

MARC details
000 -LEADER
fixed length control field 00593nam a22002057a 4500
005 - DATE AND TIME OF LATEST TRANSACTION
control field 20260420103256.0
008 - FIXED-LENGTH DATA ELEMENTS--GENERAL INFORMATION
fixed length control field 260420b |||||||| |||| 00| 0 eng d
020 ## - INTERNATIONAL STANDARD BOOK NUMBER
ISBN 978-1-947172-38-8
082 ## - DEWEY DECIMAL CLASSIFICATION NUMBER
Classification number 339
Author Mark STE-P
100 ## - MAIN ENTRY--AUTHOR
Author Name Steven A, Greenlaw, (SENIOR CONTRIBUTING AUTHORS)
245 ## - TITLE STATEMENT
Title Principles Of Macroeconomics
250 ## - EDITION STATEMENT
Edition statement 2nd Ed
260 ## - PUBLICATION, DISTRIBUTION, ETC.
Place of Publication Houston, Texas
Name of publisher, distributor, etc. Openstax
Date of publication, distribution, etc. 2018
300 ## - PHYSICAL DESCRIPTION
Pages 617 p.
500 ## - GENERAL NOTE
General note Includes Index.
650 ## - SUBJECT ADDED ENTRY--TOPICAL TERM
Subject / Department Macroeconomics
700 ## - ADDED ENTRY--PERSONAL NAME
Personal name UNIVERSITY OF MARY WASHINGTON DAVID SHAPIRO,
700 ## - ADDED ENTRY--PERSONAL NAME
Personal name PENNSYLVANIA STATE UNIVERSITY
942 ## - ADDED ENTRY ELEMENTS (KOHA)
Koha item type Book
Holdings
Withdrawn status Lost status Damaged status Not for loan Collection code Permanent Location Current Location Shelving Location Date acquired Source of acquisition Price Inventory number Total Checkouts Full Call Number Accession No./Barcode Date last seen Koha item type
        Economics Air University Kharian Campus Library Air University Kharian Campus Library Economics 04/09/2026 Ali Books Services 3490.00 KA/10221   339 STE-P AUKHP0569 04/20/2026 Book
Air University Sector E-9, Islamabad Pakistan
Email: librarian@au.edu.pk  Tel : +0092 51 9262612 Ext: 631